Arrested Celebrities Quiz Stats

 Plays Quiz not verified by Sporcle

Also try: Riddles II
Challenge
Share
Tweet
Embed
Score 0/20 Timer 05:00
0 Plays Today
Celebrity Field, Alleged Offense, Year % Correct
Film Actress, Shoplifting, 2001Winona Ryder
72.4%
Boxer, Rape, 1991Mike Tyson
71.7%
Pop Musician, Performing a Lewd Act in a Public Restroom, 1998George Michael
61.4%
Home Ec Maven, Securities Fraud and Obstruction of Justice, 2003Martha Stewart
57.5%
Film Actor, Lewd Act with Prostitute in Public Place, 1995Hugh Grant
55.9%
Comedian/TV Star, Indecent Exposure, 1991Paul 'Pee Wee Herman' Reubens
48%
Crooner, Seduction and Adultery, 1938Frank Sinatra
44.9%
Activist Film Actress, Assaulting a Police Officer, 1970Jane Fonda
41.7%
Country Singer, Possession of Uppers and Downers, 1965Johnny Cash
38.6%
Rocker, Peeing on The Alamo, 1982Ozzy Osbourne
35.4%
Celebrity Field, Alleged Offense, Year % Correct
Stand Up Comedian, Obscenity, 1961Lenny Bruce
31.5%
Silent Film Comedian, Murder, 1921Fatty Arbuckle
29.9%
Funkster, Holding a Woman Prisoner for Two Days, 1991Rick James
26.8%
Business Titan, Driving Without a License, 1977Bill Gates
20.5%
Comedian, Possession of 1.4 Pounds of Cocaine, 1978Tim Allen
18.9%
Tough Guy Film Actor, Marijuana Possession, 1948Robert Mitchum
15%
Actor/Comedian, Drunken Golf Cart Driving, 2007Bill Murray
11.8%
Soprano Actor, Robbery, 2001Robert Iler
10.2%
Talk Show Host, Grand Larceny, 1971Larry King
7.9%
Arthurian Actor, Domestic Violence, 1994Dudley Moore
4.7%

You're not logged in!

Compare scores with friends on all Sporcle quizzes.
OR
Log In

You Might Also Like...

Show Comments

Extras

Created Jul 29, 2010ReportNominate

Top Quizzes Today


Score Distribution

Your Account Isn't Verified!

In order to create a playlist on Sporcle, you need to verify the email address you used during registration. Go to your Sporcle Settings to finish the process.

Report this User

Report this user for behavior that violates our Community Guidelines.

Details: